Guess Who Game - Characters Quiz Stats

 Plays Quiz not verified by Sporcle

Score 0/24 Timer 10:00
0 Plays Today
Character % Correct
Joe
42.1%
Robert
36.8%
Paul
36.8%
Maria
36.8%
Anita
26.3%
Bernard
21.1%
Bill
21.1%
Betty
15.8%
Frank
15.8%
Eric
15.8%
Sally
15.8%
Sarah
15.8%
Character % Correct
Hans
10.5%
Mario
10.5%
Albert
5.3%
Max
5.3%
Charles
5.3%
Alfred
5.3%
Herman
5.3%
Victor
5.3%
Roger
5.3%
Luke
0%
Frederick
0%
Holly
0%

You're not logged in!

Compare scores with friends on all Sporcle quizzes.
OR
Log In

Show Comments

Extras

Created Nov 13, 2010ReportNominate
Tags:Board Games Quiz, character

Top Quizzes Today


Score Distribution

Your Account Isn't Verified!

In order to create a playlist on Sporcle, you need to verify the email address you used during registration. Go to your Sporcle Settings to finish the process.

Report this User

Report this user for behavior that violates our Community Guidelines.

Details: